000 00755nam#a22002535a#4500
001 2441
245 1 0 _aLa cruzada de los ninños /
_cBertolt Brecht ; adaptado por Moka Seco Reeg ; ilustrado por Carmen Solé Vendrell.
250 _a1ª edic.
260 _aBuenos Aires :
_bEl Jinete Azul,
_c2014.
300 _a36 p. ;
_bil. byn. ;
_c29 cm.
500 _aPertenece a la colección Juan Gelman.
020 _a9789872901066
100 1 _aBrecht, Bertolt.
700 1 _aSeco Reeg, Moka.
_4adp
700 1 _aSolé Vendrell, Carmen.
_4ill
080 _a82-1
084 _aB81
653 _aPoesía Alemana
040 _aAR-ClEAG
_cAR-ClEAG
008 141027s2014####ag############000#0#und#d
005 20241107184744.0
003 AR-ClEAG
942 _cBK
999 _c2441
_d2441
980 _62
_aEvangelina Gallicchio
_82
_gEvangelina Gallicchio